| 000 | 00697nam a22002292a 4500 | ||
|---|---|---|---|
| 001 | 17000 | ||
| 003 | BD-RjUL | ||
| 005 | 20211209000056.0 | ||
| 008 | 140216s1948 enka 000 0 eng d | ||
| 035 |
_aOCLC ocm08800727 from D950321M _a(BD-RjUL)17057 |
||
| 040 |
_aIND _cIND _dEQO _dBD-RjUL _beng |
||
| 041 | _aeng | ||
| 082 |
_a 796.3523 _bBOR 1948 |
||
| 090 |
_aGV965 _b.B68 |
||
| 100 | 1 |
_aBoard, John. _951002 |
|
| 245 | 1 | 4 |
_aThe right way to become a golfer / _c John Board ; with a foreword by Bernard Darwin. |
| 260 |
_aKingswood, Surrey : _bA.G. Elliot, _c1948 |
||
| 300 |
_a124 [4] p. : _bill. ; _c18 cm. |
||
| 650 | 0 |
_aGolf. _952447 |
|
| 830 | 0 |
_aRight way books _952452 |
|
| 942 |
_2ddc _cBK |
||
| 999 |
_c17000 _d17000 |
||